Detalles MARC
| 000 -LIDER |
| fixed length control field |
00952nam a22003137a 4500 |
| 003 - IDENTIFICACDOR DE NÚMERO DE CONTROL |
| control field |
DO-SdBNP |
| 005 - DATE AND TIME OF LATEST TRANSACTION |
| control field |
20171206100224.0 |
| 008 - ELEMENTOS DE LONGITUD FIJA |
| fixed length control field |
060721 2001 mx a 1 spa |
| 017 ## - NÚMERO DE REGISTRO DE DERECHOS DE AUTOR |
| Copyright or legal deposit number |
|
| Assigning agency |
|
| 020 ## - ISBN |
| International Standard Book Number |
9701028201 |
| 035 ## - NÚMERO LOCAL |
| System control number |
|
| 040 ## - FUENTE DE CATALOGACIÓN |
| Agencia que crea de manera original el registro |
BPMSU |
| Idioma de catalogación |
spa |
| Agencia que realiza la transcripción |
BPMSU |
| Convenciones de la despripción |
|
| 082 ## - NÚMERO DE CLASIFICACIÓN DECIMAL DE DEWEY |
| Classification number |
|
| Item number |
|
| 092 ## - LOCALLY ASSIGNED DEWEY DECIMAL CALL NUMBER |
| Número de clasificación |
xxxx |
| Número de ítem (Cutter) |
xxxx |
| Número de edición |
|
| 100 1# - ASIENTO PRINCIPAL -- NOMBRE PERSONAL |
| Nombre personal |
Santin, Guillermo |
| Títulos u otras palabras asociadas con el nombre |
Dr. |
| 245 10 - MENCIÓN DE TITULO |
| Título |
Vademecum radiológico : |
| Subtítulo |
lo que importa en la clínica médica general / |
| Medio (Designación general de material) |
|
| Mención de responsabilidad |
Guillermo Santin |
| 260 ## - PUBLICACIÓN, DISTRIBUCIÓN, ETC. (PIE DE IMPRENTA) |
| Lugar de publicación, distribución, etc |
México : |
| Nombre del editor, distribuidor, etc. |
McGraw-Hill interamericana, |
| Fecha de publicación, distribución, etc |
2001. |
| Lugar de impresión |
|
| Impresor |
|
| 300 ## - DESCRIPCIÓN FÍSICA |
| Extensión |
125 p. ; |
| Dimensiones |
29 cm. |
| 500 ## - NOTA GENERAL |
| Nota general |
Incluye índice. |
| 500 ## - NOTA GENERAL |
| Nota general |
Incluye cuestionario para evaluación del vademécum radiológico. |
| 504 ## - NOTA DE BIBLIOGRAFÍA, ETC. |
| Bibliography, etc |
Biografía p: 109 |
| 650 ## - ENCABEZAMIENTO DE MATERIA--TEMÁTICO |
| Fuente del encabezamiento o término |
NOVELA INGLESA |
| 650 #4 - ENCABEZAMIENTO DE MATERIA--TEMÁTICO |
| Fuente del encabezamiento o término |
MAGIA - NOVELA |
| 650 #4 - ENCABEZAMIENTO DE MATERIA--TEMÁTICO |
| Fuente del encabezamiento o término |
NOVELA JUVENIL INGLESA |
| 942 ## - ADDED ENTRY ELEMENTS (KOHA) |
| Source of classification or shelving scheme |
Dewey Decimal Classification |
| Koha item type |
Libros |
| 945 ## - INFORMACIÓN DE PROCESAMIENTO LOCAL |
| Información de procesamiento local |
Inventariado, 2017/MFF |
| 956 ## - LOCAL ELECTRONIC LOCATION AND ACCESS (OCLC) |
| Nombre de host |
YLOCKWARD |
| Método de acceso |
10 |
| Enlace |
BPMSU |
| Campo enlazado y núm. de secuencia |
00144 |
| 980 ## - EQUIVALENCE OR CROSS-REFERENCE-SERIES STATEMENT--PERSONAL NAME/TITLE [LOCAL, CANADA] |
| Personal name |
|
| -- |
|
| Numeration |
|
| Attribution qualifier |
|
| Titles and other words associated with a name |
|